| 000 | 00000nam##2200000za#4500 |
| 001 | 9.612252 |
| 003 | CaOODSP |
| 005 | 20200327124222 |
| 007 | ta |
| 008 | 150406|1995||||xxc||||| f|0| 0 eng|d |
| 022 | |a0706-6473 |
| 040 | |aCaOODSP|beng |
| 043 | |an-cn--- |
| 086 | 1 |aFs97-4/2282E |
| 110 | 1 |aCanada. |bDepartment of Fisheries and Oceans. |
| 245 | 10|aCalculating net change of productivity of fish habitats / |cby Charles K. Minns. |
| 260 | |aOttawa - Ontario : |bFisheries and Oceans Canada |c1995. |
| 300 | |avi, 37p. : |bfigs., graphs ; |c28 cm. |
| 490 | 1 |aCanadian manuscript report of fisheries and aquatic sciences|x0706-6473|v2282 |
| 500 | |aPrepared at the Great Lakes Laboratory for Fisheries and Aquatic Sciences, Department of Fisheries and Oceans, 867 Lakeshore Road, P.O. Box 5050, Burlington, Ontario L7R 4A6. |
| 546 | |aRésumés en français |
| 563 | |aSoftcover |
| 690 | 07|aFish|2gcpds |
| 690 | 07|aHabitats|2gcpds |
| 720 | 1 |aMinns, Charles K. |
| 776 | 0#|tCalculating net change of productivity of fish habitats / |w(CaOODSP)9.579545 |
| 830 | #0|aCanadian manuscript report of fisheries and aquatic sciences,|x0706-6473|v2282|w(CaOODSP)9.514688 |